Normal view
MARC view
Entry Personal Name
001 - CONTROL NUMBER
- control field: 30692
003 - CONTROL NUMBER IDENTIFIER
- control field: OSt
005 - DATE AND TIME OF LATEST TRANSACTION
- control field: 20230916100231.0
008 - FIXED-LENGTH DATA ELEMENTS
- fixed length control field: 230916|| aca||aabn | a|a d
040 ## - CATALOGING SOURCE
- Original cataloging agency: OSt
- Transcribing agency: OSt
100 ## - HEADING--PERSONAL NAME
- Personal name: ဝါယမိန္ဒ၊ အရှင် ၊
- Titles and other words associated with a name: မုံရွာမြို့ မိဂဒါဝုန်ဆရာတော်၊
670 ## - SOURCE DATA FOUND
- Source citation: Work cat.: (OSt): ဝါယမိန္ဒ၊ အရှင် ၊ မုံရွာမြို့ မိဂဒါဝုန်ဆရာတော်၊, ဗောဓိတစ်ထောင်ဆရာတော်ဘဒ္ဒန္တ နာရဒ၏ နှစ်၆၀-ဘဝခရီး /, ၁၉၉၂။